Affrontez l'Alphabet #8 - Statistiques

Statistiques générales
  • Ce quiz a été pris 154 fois
  • Le résultat moyen est 6 sur 11
Statistiques - réponses
Hint Réponse % Correct
Donne les 2 lettres manquantes qui complètent le nom de cet équipementier français de vêtements et de chaussures de sport dont voici le logo en 1973 : Le C_ _ sportif
OQ / QO
100%
Donne les 2 lettres manquantes dans la phrase répétée dans cette opération de communication d'une marque Low cost d'Orange : "Je suis passé chez so_ _"
SH / HS
98%
Donne les 2 lettres qui manquent dans le nom de cette peinture de l'artiste espagnol Pablo Picasso de 1937 : Guer_i_a
NC / CN
83%
Donne les 2 lettres manquantes du nom du Roi du Maroc qui a succédé à son père Hassan II en 1999 : Mohammed _ _
VI / IV
66%
Donne les 2 lettres manquantes du nom de la solution aqueuse, très corrosive et toxique mal utilisée pour faire disparaitre un corps dans cet extrait de Breaking Bad (mauvaise idée dans une baignoire) : L’acide fluo_hy_rique
RD /DR
59%
Donne les 2 lettres manquantes du nom de la région en rouge située dans le nord-est de l'Angleterre : _or_shire and the Humber
YK / KY
45%
Donne les 2 lettres manquantes qui complètent le nom de cette série TV de 63 épisodes (2001-2005) : Si_ _eet Under
XF / FX
34%
Donne les 2 lettres qui complètent la traduction de la mère en allemand : die M_ _ ter UT / TU
28%
Donne les 2 lettres qui manquent dans le nom de ce film de 2013 (deuxième film de la trilogie Le Hobbit) Le Hobbit : La Désolation de S_au_
MG / GM
23%
Donne les 2 lettres des initiales du prénom composé du candidat que Loana galoche dans la piscine de la 1ere saison de Loft Story en France en 2001 : _???-_??????
JE / EJ (Jean-Edouard)
11%
Dernière Question : Donne la lettre manquante dans la locution latine signifiant « chez les ancêtres », désignant ainsi une personne décédée : Ad _atres P
10%
Aucun quiz correspondant
Distribution des résultats
% des personnes avec chaque résultat
Percentile par nombre de réponses
Votre historique - résultats
Vous n’avez pas pris ce quiz